| 000 | 00455nam a2200193Ia 4500 | ||
|---|---|---|---|
| 008 | 240510s9999 xx 000 0 und d | ||
| 020 | _a9780070669017 | ||
| 041 | _aEng | ||
| 082 | _a005.82 | ||
| 082 | _bB57 | ||
| 100 | _aBOSE, Ranjan | ||
| 245 | 0 | _aInformation Theory, Coding and Cryptography | |
| 250 | _a2nd ed. | ||
| 260 | _bNew Delhi : Tata McGraw HIll Publishing | ||
| 260 | _c2008 | ||
| 300 | _a326 p. | ||
| 942 | _2ddc | ||
| 942 | _cRBK | ||
| 999 |
_c28409 _d28409 |
||
| 945 |
_a1 _bMadushi Gamage _c1 _dMadushi Gamage |
||